000
00304 a2200157 4500
001
171583
020
_a
040
_c
Magnum
100
_a
Belinky, Tatiana
240
1
0
_a
Cacoliques
_l
por
245
1
0
_a
Cacoliques
362
0
_a
1899
440
1
_a
Melhoramentos
697
_a
I/POESIA
942
_c
BK
999
_c
171583
_d
171583